Textilná tvorba a dizajn v 20.-21. storočí vybrané kapitoly zo svetovej a československej produkcie

Na minha lista:
Detalhes bibliográficos
Autor principal: Šidlíková, Zuzana
Autor Corporativo: Vysoká škola výtvarných umení v Bratislave
Formato: Livro
Idioma:eslovaco
Publicado em: Bratislava SLOVART 2013
Assuntos:
Tags: Adicionar Tag
Sem tags, seja o primeiro a adicionar uma tag!

MARC

LEADER 00000nam a2200000 4500
001 0184653
005 20240314094614.6
020 |a 978-80-89259-74-8 
041 0 |a slo 
044 |a SK 
245 1 0 |a Textilná tvorba a dizajn v 20.-21. storočí  |b vybrané kapitoly zo svetovej a československej produkcie  |c Zuzana Šidlíková 
264 1 |a Bratislava  |b SLOVART  |c 2013 
300 |a 177 s. 
610 2 0 |a textil 
610 2 0 |a dizajn 
610 2 0 |a priemysel textilný 
610 2 0 |a história 
610 2 0 |a družstvá výrobné 
610 2 0 |a dielne 
610 2 0 |a manufaktúry 
610 2 0 |a závody 
610 2 0 |a výroba remeselná 
610 2 0 |a výroba priemyselná 
610 2 0 |a umenie 
610 2 0 |a osobnosť 
610 2 0 |a technológie nové 
610 2 0 |a grafika počítačová 
610 2 0 |a ekológia 
610 2 0 |a svet 
610 2 0 |a Slovensko 
610 2 0 |a Československo 
100 1 |a Šidlíková, Zuzana 
710 2 |a Vysoká škola výtvarných umení v Bratislave